000 00391nam a2200169Ia 4500
003 GCL
008 140319s9999 xx 000 0 ara d
040 _aGCL /
_cGCL
082 0 4 _a920.71
_bى ا
245 1 0 _aادولف هتلر
300 _a252 ص
490 _a
650 0 4 _aالعصر الحديث
650 0 4 _aهتلر
650 0 4 _aالمانيا - تراجم
942 _2ddc
_cBK
999 _c39268
_d39268